Don Diego Portales

Sparad:
Bibliografiska uppgifter
Huvudupphovsman: Vicuña Mackenna, Benjamín, 1831-1886 (Författare, medförfattare)
Materialtyp: Bok
Språk:spanska
Publicerad: Santiago Universidad de Chile 1937
Upplaga:3a. ed
Serie:Obras completas de Vicuña Mackenna, 6
Ämnen:
Taggar: Lägg till en tagg
Inga taggar, Lägg till första taggen!

MARC

LEADER 00000nam a2200000 a 4500
001 UCJ4521
003 CL-VaPUC
008 070124e19370505CL |||||||||||||||||spa|d
082 0 4 |a 983  |b VIC  |2 21 
100 |a Vicuña Mackenna, Benjamín,  |d 1831-1886  |x Político e historiador   |z Chile   |e author  |9 374 
245 1 0 |a Don Diego Portales 
250 |a 3a. ed 
300 |a 784 p 
942 |c BK 
945 |d 20070124 00:00:00  |a rinostro 
260 |a Santiago  |b Universidad de Chile  |c 1937 
500 |a Front., proyecto de monumento a Benjamín Vicuña Mackenna, de Augusto Rodín 
600 0 |a Portales y Palazuelos, Diego   |9 436961 
650 0 |a Biografías  |9 255210 
650 7 |a GUERRAS CIVILES  |2 CL-VaPUC  |9 361938 
650 7 |a MOTINES  |2 CL-VaPUC  |9 446151 
650 7 |a CRIMENES POLITICOS  |2 CL-VaPUC  |9 319844 
650 0 |a Diplomacia  |9 256483 
650 7 |a EPISTOLARIO  |2 CL-VaPUC  |9 321776 
650 7 |a CONFEDERACION PERU-BOLIVIANA  |2 CL-VaPUC  |9 436738 
583 |a last modification  |c 20130925 06:15:46  |k Rodrigo Vera 
490 0 |a Obras completas de Vicuña Mackenna, 6 
999 |c 320637  |d 320635 
952 |0 0  |1 0  |4 0  |6 983_000000000000000_VIC_1937  |7 0  |8 X  |9 399190  |a FDOBUD  |b FDOBUD  |d 2019-11-22  |i 1000640  |o 983 VIC 1937  |p 1000640  |r 2019-11-22  |w 2019-11-22  |y BK_X  |k BUD